00357nam a2200157Ia 4500008004000000041000800040082001200048100002100060245002900081260004400110650000700154650001200161650000700173650001100180650000800191210210b1956 xxu||||| |||| 00| 0 eng d aeng a444/234 aHILL (Norman) Ed aFrench stories of to day aLondonbGeorge G Harrap & Co Ltd.c1956 ato astories aof aFrench aday